| 000 | 02253nam0a2200337 4500 | ||
|---|---|---|---|
| 001 | RU\NLR\BIBL_A\012832260 | ||
| 005 | 20260406145344.0 | ||
| 010 |
_a978-5-906818-77-5 _bКурс _960 |
||
| 035 | _a(NLR Aleph) 012832260 | ||
| 090 |
_a12363569 _c12363569 |
||
| 100 | _a20220628d2022 |||y0rusy50 ca | ||
| 101 | 0 | _arus | |
| 102 | _aRU | ||
| 105 | _aa j 000zy | ||
| 181 | 0 |
_ai _baxxe |
|
| 182 | 0 | _an | |
| 200 | 1 |
_aГидравлика _eучебник для студентов высших учебных заведений, обучающихся по направлению подготовки [15.03.05] "Конструкторско-технологическое обеспечение машиностроительных производств", [15.03.04] "Автоматизация технологических процессов и производств" _fИ. И. Сазанов, А. Г. Схиртладзе, В. И. Иванов |
|
| 203 |
_aТекст _bвизуальный _cнепосредственный |
||
| 210 |
_aМосква _cКурс _cИнфра-М _d2022 |
||
| 215 |
_a319, [1] с. _cил. _d22 |
||
| 300 | _aНа 4-й с. обл. авт.: Схиртладзе А.Г. - Засл. работник высш. шк. РФ, Почет. работник высш. образования России, проф., к.т.н., д.п.н., Сазанов И.И., Почет. работник высш. проф. образования Рос. Федерации, канд. техн. наук, доц., Иванов В.И., канд. техн. наук, доц., проф. | ||
| 320 | _aБиблиогр.: с. 317-318 (30 назв.) | ||
| 606 | 1 |
_aГидравлика _jУчебники для высших учебных заведений _91059651 _3RU\NLR\AUTH\6692643 |
|
| 686 | 1 | _aЖ123я73-1 | |
| 700 | 1 |
_aСазанов _bИ. И. _gИгорь Иванович |
|
| 701 | 1 |
_7ca _8rus _aСхиртладзе _bА. Г. _f1943- _gАлександр Георгиевич _9114542 _3RU\NLR\AUTH\774564 |
|
| 701 | 1 |
_7ca _8rus _aИванов _bВ. И. _cканд. техн. наук _gВитольд Ильич _924122 _3RU\NLR\AUTH\7741172 |
|
| 942 | _cBOOK | ||
| 980 | _aNB | ||